[Event "Fagernes Chess International"]
[Site "Fagernes"]
[Date "2015.03.29"]
[Round "2"]
[White "Kulaots, Kaido"]
[Black "Wallace, John Paul"]
[Result "1-0"]
[WhiteElo "2558"]
[BlackElo "2388"]
[PlyCount "143"]
[EventDate "2015.??.??"]

1. e4 g6 2. d4 Bg7 3. Nc3 d6 4. f4 Nf6 5. Bd3 O-O 6. Nf3 Nbd7 7. e5 Ne8 8. Ng5
dxe5 9. fxe5 Nb6 10. Be3 c6 11. O-O Nc7 12. Qe1 Ne6 13. Nce4 f6 14. Nxe6 Bxe6
15. Nc5 Qc8 16. Bf4 Bd5 17. e6 Bc4 18. Rd1 Rd8 19. b3 Bxd3 20. Rxd3 Nd5 21. Bd2
f5 22. Qh4 Nf6 23. Rh3 Rd6 24. c3 h5 25. Qg5 Qe8 26. Bf4 Rd5 27. Nxb7 Ne4 28.
Qh4 Bf6 29. Qe1 g5 30. Bc1 g4 31. Re3 Qg6 32. Kh1 Rf8 33. Ba3 Bg5 34. Re2 Qxe6
35. Nc5 Rxc5 36. Bxc5 h4 37. Kg1 Rf7 38. Ba3 h3 39. g3 Qd5 40. Bc1 Bf6 41. Rxe4
fxe4 42. Qe2 Bg5 43. Bxg5 Rxf1+ 44. Kxf1 Qxg5 45. Qxe4 Qc1+ 46. Kf2 Kh8 47.
Qxg4 Qd2+ 48. Qe2 Qxc3 49. Qh5+ Kg7 50. Qg4+ Kh8 51. Qxh3+ Kg7 52. Qg4+ Kh8 53.
Qh5+ Kg7 54. Qg5+ Kf8 55. Qf4+ Ke8 56. g4 Qb2+ 57. Kg3 Qxa2 58. Qf3 Kd7 59. Qd3
Qa1 60. Kh4 Qg1 61. Qd2 Qb1 62. Qe3 a5 63. g5 Qh7+ 64. Kg3 Kc7 65. h4 Kb6 66.
Kg4 Qc2 67. Kf4 Qh2+ 68. Qg3 Qd2+ 69. Ke5 c5 70. dxc5+ Kxc5 71. Ke6 Qe2+ 72.
Qe5+
1-0

[Event "Fagernes Chess International"]
[Site "Fagernes"]
[Date "2015.03.29"]
[Round "2"]
[White "Salomon, Johan"]
[Black "Rozentalis, Eduardas"]
[Result "1-0"]
[WhiteElo "2401"]
[BlackElo "2549"]
[PlyCount "87"]
[EventDate "2015.??.??"]

1. c4 e6 2. Nc3 b6 3. e4 Bb7 4. Nge2 g6 5. d4 Bg7 6. g3 Ne7 7. Bg2 O-O 8. Bg5
d6 9. Qd2 Nd7 10. h4 h5 11. O-O-O e5 12. d5 a6 13. f3 f6 14. Bh6 Bxh6 15. Qxh6
Rf7 16. Bh3 Rh7 17. Qe3 Bc8 18. g4 Qf8 19. f4 exf4 20. Nxf4 hxg4 21. Bxg4 Ne5
22. Be6+ Bxe6 23. dxe6 Nxc4 24. Qg3 Ne5 25. Ncd5 c6 26. Nxb6 Rd8 27. Nd3 Qh6+
28. Kb1 Qh5 29. Nxe5 Qxe5 30. Qxe5 fxe5 31. Nd7 Kg7 32. Rxd6 g5 33. Rg1 Rxh4
34. Rxg5+ Kh6 35. Rxe5 Rg8 36. Kc2 Rgg4 37. Nc5 Kg6 38. Rd2 a5 39. Re2 Kf6 40.
Nd7+ Kg6 41. Kd3 a4 42. Kd4 a3 43. bxa3 Rg3 44. Rf2
1-0

[Event "Fagernes Chess International"]
[Site "Fagernes"]
[Date "2015.03.29"]
[Round "2"]
[White "Hauge, Lars Oskar"]
[Black "Haug, Johannes"]
[Result "1/2-1/2"]
[WhiteElo "2380"]
[BlackElo "2339"]
[PlyCount "46"]
[EventDate "2015.??.??"]

1. c4 c5 2. Nf3 g6 3. g3 Bg7 4. Bg2 Nc6 5. O-O e6 6. e3 Nge7 7. d4 cxd4 8. Nxd4
O-O 9. Nc3 d5 10. cxd5 Nxd4 11. exd4 Nxd5 12. Qb3 Qb6 13. Rd1 Bxd4 14. Bxd5
exd5 15. Nxd5 Be6 16. Qxb6 Bxb6 17. Nxb6 axb6 18. a3 Rfd8 19. Bg5 Rd5 20. Rxd5
Bxd5 21. Rd1 Bc6 22. Bf6 Re8 23. Bc3 h6
1/2-1/2

[Event "Fagernes Chess International"]
[Site "Fagernes"]
[Date "2015.03.29"]
[Round "2"]
[White "Vovk, Andrey"]
[Black "Vovk, Oksana"]
[Result "1-0"]
[WhiteElo "2644"]
[BlackElo "2112"]
[PlyCount "102"]
[EventDate "2015.??.??"]

1. g3 d5 2. Bg2 Nf6 3. f4 g6 4. Nf3 Bg7 5. O-O O-O 6. d3 b6 7. Nc3 Bb7 8. e3
Nbd7 9. Qe2 a5 10. Rd1 Qe8 11. Ne5 e6 12. e4 dxe4 13. Nxd7 Nxd7 14. dxe4 Nc5
15. e5 Bxg2 16. Qxg2 Qe7 17. Be3 f6 18. exf6 Bxf6 19. Qc6 Rad8 20. Nb5 Bxb2 21.
Rab1 Rxd1+ 22. Rxd1 Qe8 23. Qxe8 Rxe8 24. Nxc7 Re7 25. Na8 Rb7 26. Rd6 Ba3 27.
Nxb6 Ne4 28. Rxe6 Nc3 29. Re5 Bb4 30. a3 Bxa3 31. Rxa5 Bb4 32. Ra8+ Kf7 33. Rc8
Ke6 34. Kg2 Nd5 35. Rc6+ Bd6 36. Bc5 Rxb6 37. Bxb6 Kd7 38. Rxd6+ Kxd6 39. Bd4
Nb4 40. c4 Nc6 41. Bb6 Nb4 42. Kf3 Kc6 43. Be3 Nc2 44. Bf2 Na3 45. c5 Nc4 46.
f5 Ne5+ 47. Ke4 Ng4 48. Bg1 Nf6+ 49. Kf4 gxf5 50. Kxf5 Nd7 51. h4 Kd5
1-0

[Event "Fagernes Chess International"]
[Site "Fagernes"]
[Date "2015.03.29"]
[Round "2"]
[White "Graf, Felix"]
[Black "Hølleland, Sigve"]
[Result "1-0"]
[WhiteElo "2478"]
[BlackElo "1963"]
[PlyCount "55"]
[EventDate "2015.??.??"]

1. Nf3 Nf6 2. b3 d5 3. Bb2 c5 4. e3 Bg4 5. h3 Bh5 6. g4 Bg6 7. Ne5 e6 8. Bb5+
Nfd7 9. h4 f6 10. Nxg6 hxg6 11. f4 Bd6 12. Qf3 Nc6 13. Nc3 Nb4 14. O-O-O a6 15.
Be2 Qa5 16. a3 Nc6 17. f5 gxf5 18. gxf5 e5 19. Qxd5 Be7 20. Bf3 Nb6 21. Qe4
O-O-O 22. Rhg1 Rhg8 23. Rg2 Na8 24. Nd5 Rd7 25. c4 Nc7 26. Qc2 Bd8 27. Kb1 Ne7
28. b4
1-0

[Event "Fagernes Chess International"]
[Site "Fagernes"]
[Date "2015.03.29"]
[Round "2"]
[White "Goossens, Hanne"]
[Black "Haugli, Petter"]
[Result "1-0"]
[WhiteElo "2168"]
[BlackElo "2247"]
[PlyCount "39"]
[EventDate "2015.??.??"]

1. e4 c5 2. Nf3 e6 3. d4 cxd4 4. Nxd4 Nf6 5. Nc3 d6 6. Be3 Be7 7. g4 h5 8. gxh5
Rxh5 9. Be2 Rh7 10. Qd2 a6 11. O-O-O Qc7 12. Kb1 Bd7 13. f4 Nc6 14. Nb3 O-O-O
15. Bf3 Rdh8 16. Na4 Qd8 17. Nb6+ Kb8 18. e5 Ne8 19. Nxd7+ Kc7 20. Bxc6
1-0

[Event "Fagernes Chess International"]
[Site "Fagernes"]
[Date "2015.03.29"]
[Round "2"]
[White "Dolzhikova, Olga"]
[Black "Mikalsen, Erlend"]
[Result "0-1"]
[WhiteElo "2159"]
[BlackElo "2161"]
[PlyCount "100"]
[EventDate "2015.??.??"]

1. e4 e5 2. Nf3 Nc6 3. Bc4 Nf6 4. d3 Bc5 5. c3 O-O 6. Bb3 d5 7. Nbd2 b6 8. Qe2
Ba6 9. Bc2 Re8 10. O-O Bd6 11. h3 Ne7 12. Re1 Ng6 13. g3 Qd7 14. Kh2 Rad8 15.
Ng1 dxe4 16. Nxe4 Nxe4 17. Qxe4 c5 18. Bg5 Bb7 19. Qg4 Qc6 20. f3 f6 21. Qc4+
Qd5 22. Bb3 Qxc4 23. Bxc4+ Kf8 24. Be3 Bc6 25. Rad1 Ne7 26. Kg2 g5 27. h4 h6
28. h5 Kg7 29. Kf2 f5 30. Bc1 Ng8 31. f4 gxf4 32. gxf4 Nf6 33. Ne2 e4 34. Ng3
Ng4+ 35. Kg1 Kf6 36. dxe4 fxe4 37. Bd5 Bxd5 38. Rxd5 e3 39. Kg2 Ke6 40. c4 Bxf4
41. Kf3 Rxd5 42. cxd5+ Ke5 43. Ne2 Nh2+ 44. Kg2 Rg8+ 45. Kh3 Ng4 46. Nxf4 Kxf4
47. Kg2 Nf6+ 48. Kf1 Nxd5 49. Re2 Kf3 50. Rh2 Nf4
0-1

[Event "Fagernes Chess International"]
[Site "Fagernes"]
[Date "2015.03.29"]
[Round "2"]
[White "Merkesvik, Sondre"]
[Black "Getz, Nicolai"]
[Result "1/2-1/2"]
[WhiteElo "2135"]
[BlackElo "2367"]
[PlyCount "79"]
[EventDate "2015.??.??"]

1. d4 Nf6 2. c4 e6 3. Nf3 d5 4. g3 Be7 5. Bg2 dxc4 6. Qa4+ Nbd7 7. Qxc4 a6 8.
Qc2 c5 9. O-O O-O 10. Rd1 cxd4 11. Nxd4 Bc5 12. Nc3 Qe7 13. a3 h6 14. b4 Ba7
15. Bb2 g6 16. Rac1 e5 17. Nb3 Kh7 18. Rd2 Re8 19. Rcd1 Ng4 20. Nc5 Nxc5 21.
Nd5 Qd6 22. bxc5 Bxc5 23. e3 Bf5 24. e4 Rac8 25. exf5 Bxf2+ 26. Rxf2 Rxc2 27.
Rxc2 gxf5 28. h3 Nf6 29. Kh2 b5 30. Ne3 Qe6 31. Rc6 Qb3 32. Rxf6 Qxe3 33. Rxf5
Qe2 34. Rxf7+ Kg6 35. Rdf1 Qxb2 36. R1f6+ Kh5 37. Rf5+ Kg6 38. R5f6+ Kh5 39.
Rf5+ Kg6 40. R5f6+
1/2-1/2

[Event "Fagernes Chess International"]
[Site "Fagernes"]
[Date "2015.03.29"]
[Round "2"]
[White "Christiansen, Johan-Sebastian"]
[Black "Havik, Victor"]
[Result "1-0"]
[WhiteElo "2351"]
[BlackElo "2160"]
[PlyCount "89"]
[EventDate "2015.??.??"]

1. Nf3 d5 2. c4 c6 3. g3 Nf6 4. Bg2 Bg4 5. Ne5 Be6 6. O-O Nbd7 7. cxd5 Bxd5 8.
Nf3 c5 9. d3 e6 10. e4 Bc6 11. Nc3 Be7 12. Re1 O-O 13. d4 Nb6 14. Bf4 Rc8 15.
Rc1 h6 16. h4 a6 17. Bh3 cxd4 18. Nxd4 Bd7 19. Bg2 Bb4 20. Qb3 Rc4 21. Nde2 Bc5
22. e5 Nfd5 23. Bd2 Bc6 24. Ne4 Rxc1 25. Rxc1 Be7 26. Ba5 Ba4 27. Qf3 Qd7 28.
b3 Bc6 29. Nd4 Rc8 30. Rd1 Na8 31. Qg4 Kh8 32. Bh3 b6 33. Bd2 Nac7 34. Qh5 Kg8
35. Bg2 Bb7 36. Kh2 Ne8 37. f4 Bc5 38. Nxc5 bxc5 39. Nc2 Qb5 40. f5 a5 41. fxe6
fxe6 42. Rf1 Rc7 43. Qg6 Re7 44. Rf2 c4 45. Be4
1-0

[Event "Fagernes Chess International"]
[Site "Fagernes"]
[Date "2015.03.29"]
[Round "2"]
[White "Mihajlov, Sebastian"]
[Black "Martinsen, Stig K."]
[Result "1-0"]
[WhiteElo "2308"]
[BlackElo "2157"]
[PlyCount "74"]
[EventDate "2015.??.??"]

1. d4 d6 2. Nf3 g6 3. g3 f5 4. Bg2 Nf6 5. c4 Bg7 6. Nc3 O-O 7. O-O Qe8 8. d5 a5
9. Nd4 Na6 10. Rb1 Bd7 11. b3 c6 12. Re1 Nc5 13. a3 Rc8 14. Bb2 Qf7 15. b4 axb4
16. axb4 Nce4 17. Na4 c5 18. bxc5 dxc5 19. Nf3 Ng4 20. Nb6 Ngxf2 21. Qc2 Rcd8
22. Ne5 Bxe5 23. Bxe5 Ng4 24. Bc7 Ne3 25. Qb2 Nxg2 26. Kxg2 f4 27. Rf1 Qf5 28.
Nxd7 Rxd7 29. Rxf4 Qh5 30. Rxf8+ Kxf8 31. Be5 Ng5 32. Rf1+ Kg8 33. Bh8 Qh3+ 34.
Kg1 Qh6 35. Qe5 Rd8 36. Qxe7 Rf8 37. Rxf8+ Qxf8
1-0

[Event "Fagernes Chess International"]
[Site "Fagernes"]
[Date "2015.03.29"]
[Round "2"]
[White "Risting, Eivind Olav"]
[Black "Røyset, Pål"]
[Result "1/2-1/2"]
[WhiteElo "2100"]
[BlackElo "2251"]
[PlyCount "105"]
[EventDate "2015.??.??"]

1. e4 e5 2. Nf3 Nc6 3. Bc4 Bc5 4. b4 Bxb4 5. c3 Bd6 6. d4 Qe7 7. O-O b6 8. Nbd2
Bb7 9. Bd3 Na5 10. Qc2 f6 11. Nh4 g6 12. g3 O-O-O 13. Nb3 Nc6 14. d5 Nb8 15. a4
f5 16. f3 f4 17. a5 Nh6 18. Bd2 g5 19. Ng2 Bc5+ 20. Kh1 Rdg8 21. Nxc5 Qxc5 22.
axb6 axb6 23. Ra4 g4 24. gxf4 gxf3 25. Rxf3 Ng4 26. Be1 exf4 27. Nxf4 Ne5 28.
Rf1 h5 29. Bf2 Qf8 30. Bd4 Qe7 31. Raa1 Rh6 32. Rg1 Re8 33. Bxe5 Qxe5 34. Qd2
Rf6 35. Ng6 Qd6 36. Nh4 Rf4 37. Ng2 Rf3 38. Raf1 Rxf1 39. Rxf1 Na6 40. Qg5 Nc5
41. Qxh5 Qe7 42. Rf7 Qd8 43. Qf3 c6 44. h4 Rh8 45. Bc4 Qe8 46. d6 Ba6 47. Bxa6+
Nxa6 48. Re7 Qg6 49. e5 Nc5 50. Kh2 Ne6 51. Qf1 Nc5 52. Qf4 Rg8 53. Qf3
1/2-1/2

[Event "Fagernes Chess International"]
[Site "Fagernes"]
[Date "2015.03.29"]
[Round "2"]
[White "Gandrud, Vegar Koi"]
[Black "Kaasen, Tor Fredrik"]
[Result "1-0"]
[WhiteElo "2211"]
[BlackElo "2099"]
[PlyCount "67"]
[EventDate "2015.??.??"]

1. d4 d5 2. c4 c6 3. Nc3 Nf6 4. e3 e6 5. Nf3 Bd6 6. Qc2 Nbd7 7. b3 O-O 8. Be2
Qc7 9. O-O dxc4 10. bxc4 e5 11. Bb2 Re8 12. Bd3 b6 13. Rad1 exd4 14. exd4 Nf8
15. Ne4 Nxe4 16. Bxe4 Bg4 17. h3 Bh5 18. Rfe1 Bg6 19. Nh4 Bxe4 20. Rxe4 Rxe4
21. Qxe4 Qd7 22. d5 c5 23. Nf5 f6 24. Re1 Ng6 25. Qg4 Rd8 26. h4 Be5 27. h5
Bxb2 28. hxg6 hxg6 29. Ne7+ Kf8 30. Nxg6+ Kg8 31. Ne7+ Kf8 32. Re6 Re8 33.
Rxf6+ gxf6 34. Ng6+
1-0

[Event "Fagernes Chess International"]
[Site "Fagernes"]
[Date "2015.03.29"]
[Round "2"]
[White "Kjølberg, Jens Hjorth"]
[Black "Paulet, Iozefina"]
[Result "1/2-1/2"]
[WhiteElo "2094"]
[BlackElo "2205"]
[PlyCount "107"]
[EventDate "2015.??.??"]

1. d4 Nf6 2. c4 e6 3. Nc3 c5 4. d5 exd5 5. cxd5 d6 6. e4 g6 7. f4 Bg7 8. Bb5+
Nfd7 9. a4 O-O 10. Nf3 Na6 11. O-O Nb4 12. f5 a6 13. Bxd7 Bxd7 14. Bg5 Bd4+ 15.
Kh1 f6 16. Bh6 Re8 17. Rb1 Be5 18. Nxe5 fxe5 19. Qg4 Qf6 20. Bg5 Qg7 21. Qh4
Rf8 22. Rf3 Nc2 23. Be7 Nd4 24. Bxf8 Nxf3 25. Bxg7 Nxh4 26. Bf6 Nxf5 27. exf5
Bxf5 28. Rf1 Bd3 29. Rd1 e4 30. a5 Kf7 31. Bh4 b5 32. axb6 Rb8 33. Re1 Rxb6 34.
Nxe4 Bxe4 35. Rxe4 Rxb2 36. Kg1 Rb4 37. Rxb4 cxb4 38. Be1 a5 39. Kf2 Kf6 40.
Ke3 Ke5 41. Kd3 Kxd5 42. Bf2 a4 43. Be1 Kc5 44. Bf2+ Kb5 45. Bg3 d5 46. Be5 a3
47. Bf6 Ka4 48. Kc2 b3+ 49. Kd3 h5 50. h4 Kb5 51. Be7 Ka4 52. Bf6 Kb5 53. Be7
Ka4 54. Bf6
1/2-1/2

[Event "Fagernes Chess International"]
[Site "Fagernes"]
[Date "2015.03.29"]
[Round "2"]
[White "Mihajlov, Svetoslav"]
[Black "Djurhuus, Eivind X"]
[Result "1/2-1/2"]
[WhiteElo "2203"]
[BlackElo "2077"]
[PlyCount "123"]
[EventDate "2015.??.??"]

1. d4 d5 2. Bf4 e6 3. e3 Bd6 4. Bxd6 cxd6 5. c4 dxc4 6. Bxc4 Nf6 7. Nf3 O-O 8.
O-O Nbd7 9. Nc3 a6 10. a4 b6 11. Qe2 Bb7 12. Rfd1 d5 13. Bd3 Qe7 14. Rac1 Rfc8
15. Na2 Rxc1 16. Rxc1 Qd6 17. h3 h6 18. Qe1 Rc8 19. Rxc8+ Bxc8 20. Qc3 Bb7 21.
Ne5 Ne8 22. f4 f6 23. Ng6 Nf8 24. Nxf8 Kxf8 25. a5 bxa5 26. Qxa5 e5 27. fxe5
fxe5 28. dxe5 Qxe5 29. Qb4+ Kg8 30. Qd4 Qxd4 31. exd4 Nc7 32. Kf2 Kf7 33. b4
Bc6 34. Nc3 Nb5 35. Ne2 Kf6 36. Ke3 Nc7 37. Nc3 Nb5 38. Na4 Nd6 39. Nc5 Nf5+
40. Bxf5 Kxf5 41. Nxa6 Kf6 42. Nc5 g5 43. Nd3 Ke6 44. Nf2 Ba4 45. Ng4 h5 46.
Ne5 h4 47. Nd3 Kd6 48. Nb2 Bd7 49. Nd3 g4 50. hxg4 Bxg4 51. Ne5 Bf5 52. Nf3 h3
53. g3 Kc6 54. g4 Be4 55. Kf4 Kb5 56. Kg3 Kxb4 57. Ne5 Kc3 58. Nc6 Bd3 59. Kxh3
Bb5 60. Ne7 Kxd4 61. Kh4 Ke5 62. Nxd5
1/2-1/2

[Event "Fagernes Chess International"]
[Site "Fagernes"]
[Date "2015.03.29"]
[Round "2"]
[White "Grønnestad, Anita"]
[Black "Bjerke, Richard"]
[Result "1-0"]
[WhiteElo "1987"]
[BlackElo "2180"]
[PlyCount "83"]
[EventDate "2015.??.??"]

1. Nf3 d5 2. d4 Nf6 3. c4 e6 4. Nc3 Bb4 5. Qc2 O-O 6. Bg5 Nbd7 7. cxd5 exd5 8.
e3 h6 9. Bh4 Re8 10. Bd3 c5 11. O-O c4 12. Bh7+ Kh8 13. Nxd5 Bd6 14. Bf5 g5 15.
Bxd7 Bxd7 16. Nxf6 Qxf6 17. Bg3 b5 18. Bxd6 Qxd6 19. Ne5 Be6 20. f4 f5 21. fxg5
hxg5 22. Qxf5 Bxf5 23. Nf7+ Kg7 24. Nxd6 Bd3 25. Nxe8+ Rxe8 26. Rfe1 a5 27. a3
Re4 28. Kf2 Kf6 29. h3 Ke6 30. Red1 Bc2 31. Rd2 Bb3 32. d5+ Kd6 33. Kf3 Rh4 34.
e4 Ke5 35. d6 Rf4+ 36. Kg3 Rf8 37. d7 Rd8 38. Kg4 b4 39. axb4 axb4 40. Kxg5 c3
41. bxc3 bxc3 42. Rd3
1-0

[Event "Fagernes Chess International"]
[Site "Fagernes"]
[Date "2015.03.29"]
[Round "3"]
[White "Donchenko, Alexander"]
[Black "Hammer, Jon Ludvig"]
[Result "1/2-1/2"]
[WhiteElo "2569"]
[BlackElo "2651"]
[PlyCount "100"]
[EventDate "2015.??.??"]

1. c4 g6 2. Nc3 c5 3. g3 Bg7 4. Bg2 Nc6 5. d3 d6 6. Nf3 e6 7. a3 Nge7 8. Bd2
O-O 9. O-O b6 10. Qc1 Bb7 11. Bh6 Bxh6 12. Qxh6 Nf5 13. Qf4 Qe7 14. g4 e5 15.
Qd2 Nfd4 16. Nd5 Nxf3+ 17. Bxf3 Qh4 18. e3 f5 19. gxf5 gxf5 20. Kh1 Kh8 21. Bg2
f4 22. Be4 Rae8 23. exf4 exf4 24. Rg1 Nd4 25. f3 Bxd5 26. cxd5 Rg8 27. b4 Rg3
28. bxc5 bxc5 29. Rxg3 fxg3 30. Rg1 Rg8 31. Rg2 Qf6 32. Rxg3 Rxg3 33. hxg3 Nxf3
34. Qf2 Qh6+ 35. Kg2 Ne5 36. Qf5 Kg7 37. Qc8 Qd2+ 38. Kh3 Qh6+ 39. Kg2 Qd2+ 40.
Kh3 Nf7 41. Qf5 h6 42. Qg6+ Kf8 43. Qf6 Qg5 44. Qb2 a5 45. Qc3 Qh5+ 46. Kg2
Qe2+ 47. Kg1 Qe3+ 48. Kg2 Qe2+ 49. Kg1 Qe3+ 50. Kg2 Qe2+
1/2-1/2

[Event "Fagernes Chess International"]
[Site "Fagernes"]
[Date "2015.03.29"]
[Round "3"]
[White "Postny, Evgeny"]
[Black "Salomon, Johan"]
[Result "1-0"]
[WhiteElo "2645"]
[BlackElo "2401"]
[PlyCount "83"]
[EventDate "2015.??.??"]

1. d4 Nf6 2. c4 e6 3. Nf3 Bb4+ 4. Bd2 Qe7 5. g3 Bxd2+ 6. Qxd2 Nc6 7. b3 d5 8.
Bg2 O-O 9. O-O Rd8 10. Qb2 a5 11. Rd1 dxc4 12. bxc4 e5 13. d5 e4 14. Nd4 Ne5
15. Qa3 Qxa3 16. Nxa3 c6 17. dxc6 bxc6 18. f4 exf3 19. exf3 Ba6 20. Rac1 Kf8
21. f4 Neg4 22. Nxc6 Rxd1+ 23. Rxd1 Ne3 24. Ne5 Rb8 25. Rd2 Rc8 26. Bh3 Rc7 27.
Rd3 Ned5 28. Bg2 Nb4 29. Rd2 Rc5 30. Kf2 Bc8 31. Nb5 Ng4+ 32. Nxg4 Bxg4 33. a3
Na6 34. Bd5 Nc7 35. Nxc7 Rxc7 36. Ke3 Be6 37. Bxe6 fxe6 38. Kd4 Rb7 39. c5 Rb3
40. c6 Ke7 41. c7 Kd7 42. Kc4+
1-0

[Event "Fagernes Chess International"]
[Site "Fagernes"]
[Date "2015.03.29"]
[Round "3"]
[White "Tari, Aryan"]
[Black "Vovk, Andrey"]
[Result "0-1"]
[WhiteElo "2509"]
[BlackElo "2644"]
[PlyCount "94"]
[EventDate "2015.??.??"]

1. e4 c5 2. Nf3 Nc6 3. Bb5 e6 4. Bxc6 bxc6 5. d3 Ne7 6. Qe2 f6 7. O-O d6 8. Nh4
g5 9. Qh5+ Kd7 10. Nf3 Qe8 11. Qxe8+ Kxe8 12. Be3 Rb8 13. Nbd2 Ng6 14. Rfb1 g4
15. Ne1 f5 16. f3 Bg7 17. c3 Ba6 18. d4 f4 19. Bf2 g3 20. hxg3 fxg3 21. Bxg3
cxd4 22. c4 e5 23. b3 Bh6 24. Nf1 Kd7 25. Nd3 Bg5 26. Be1 h5 27. Bd2 Be7 28.
Nb4 Bb7 29. Ng3 Nh4 30. Kf2 Rbg8 31. Rg1 Rh7 32. Ne2 Rf7 33. Raf1 a5 34. Nd3 c5
35. Ng3 Rfg7 36. Nxh5 Rxg2+ 37. Rxg2 Rxg2+ 38. Ke1 Nxf3+ 39. Rxf3 Bxe4 40. Rh3
Bf5 41. Rf3 Bg4 42. Rf2 Rg1+ 43. Rf1 Bh4+ 44. Nf2 Rxf1+ 45. Kxf1 Bxh5 46. Bxa5
Bg6 47. Be1 Bb1
0-1

[Event "Fagernes Chess International"]
[Site "Fagernes"]
[Date "2015.03.29"]
[Round "3"]
[White "Agdestein, Simen"]
[Black "Graf, Felix"]
[Result "1-0"]
[WhiteElo "2620"]
[BlackElo "2478"]
[PlyCount "75"]
[EventDate "2015.??.??"]

1. c4 b6 2. e4 Bb7 3. Nc3 e6 4. a3 c5 5. Nf3 Nf6 6. e5 Ne4 7. Ne2 Ng5 8. Nxg5
Qxg5 9. d4 Qh5 10. Bf4 Nc6 11. Qd2 Nxd4 12. Nxd4 cxd4 13. Qxd4 O-O-O 14. b4 d6
15. Rd1 f6 16. exd6 e5 17. d7+ Kb8 18. Bg3 Qg6 19. Qe3 Qe4 20. Qxe4 Bxe4 21. f4
exf4 22. Bxf4+ Kb7 23. Kf2 g5 24. Bc1 Kc7 25. h4 Bd6 26. Bd3 Bxd3 27. Rxd3 Rxd7
28. Rhd1 h6 29. Kf3 Rhd8 30. Kg4 a5 31. Be3 axb4 32. axb4 gxh4 33. Bxb6+ Kxb6
34. Rxd6+ Rxd6 35. Rxd6+ Rxd6 36. c5+ Kc6 37. cxd6 Kxd6 38. Kxh4
1-0

[Event "Fagernes Chess International"]
[Site "Fagernes"]
[Date "2015.03.29"]
[Round "3"]
[White "Vovk, Yuri"]
[Black "Kulaots, Kaido"]
[Result "0-1"]
[WhiteElo "2588"]
[BlackElo "2558"]
[PlyCount "106"]
[EventDate "2015.??.??"]

1. d4 d5 2. c4 c6 3. Nf3 Nf6 4. Nc3 e6 5. Bg5 dxc4 6. e4 b5 7. e5 h6 8. Bh4 g5
9. Nxg5 hxg5 10. Bxg5 Nbd7 11. g3 Bb7 12. Bg2 Qb6 13. exf6 O-O-O 14. O-O c5 15.
d5 b4 16. Rb1 Qa6 17. dxe6 Bxg2 18. e7 Bxf1 19. Qd5 Bxe7 20. fxe7 Bd3 21. Ne4
Bxb1 22. Nd6+ Kc7 23. Nxf7 Rc8 24. Bf4+ Kb6 25. Qxd7 Qb7 26. Qe6+ Qc6 27. Nd6
Bd3 28. h4 Rcg8 29. f3 Rg6 30. Qe5 Qxd6 31. Qxh8 Qxe7 32. Be5 Re6 33. f4 Be4
34. h5 Qd7 35. Kh2 Re8 36. Qf6+ Qc6 37. Qg7 Rd8 38. g4 Rd7 39. Qh8 Qd5 40. Kg3
Qd2 41. Kh4 Bc6 42. h6 c3 43. bxc3 bxc3 44. Qg8 c2 45. Qb3+ Bb5 46. a4 a6 47.
Qe6+ Ka5 48. axb5 c1=Q 49. bxa6 Qh1+ 50. Kg5 Qhd5 51. a7 Qxe6 52. a8=Q+ Kb5 53.
Qe4 Rd5
0-1

[Event "Fagernes Chess International"]
[Site "Fagernes"]
[Date "2015.03.29"]
[Round "3"]
[White "Werle, Jan"]
[Black "Burmakin, Vladimir"]
[Result "1/2-1/2"]
[WhiteElo "2514"]
[BlackElo "2581"]
[PlyCount "93"]
[EventDate "2015.??.??"]

1. d4 Nf6 2. c4 c6 3. Nc3 d5 4. e3 g6 5. Nf3 Bg7 6. Be2 O-O 7. O-O Re8 8. b3
Ne4 9. Bb2 Nxc3 10. Bxc3 Bg4 11. h3 Bxf3 12. Bxf3 e6 13. Qc2 Nd7 14. Rfd1 Rc8
15. Rac1 Qc7 16. Be1 Qb8 17. Qb1 a6 18. a4 b5 19. cxb5 cxb5 20. Be2 Qb6 21. Qd3
Rxc1 22. Rxc1 Rb8 23. Qc3 Bf8 24. Qa5 bxa4 25. Qxa4 Nf6 26. Rb1 Bb4 27. Bxb4
Qxb4 28. Qxb4 Rxb4 29. Bxa6 Ne4 30. Bd3 Nd2 31. Rb2 Nc4 32. Bxc4 dxc4 33. Kf1
Rxb3 34. Rc2 Rb4 35. Ke2 Kf8 36. Kd2 Ra4 37. Kc3 h5 38. h4 f5 39. Rb2 Kf7 40.
g3 Ke7 41. Rb7+ Kf6 42. Rb6 Kf7 43. Kb2 Ke7 44. f3 Kf7 45. e4 fxe4 46. fxe4 e5
47. Rb7+
1/2-1/2

[Event "Fagernes Chess International"]
[Site "Fagernes"]
[Date "2015.03.29"]
[Round "3"]
[White "Rozentalis, Eduardas"]
[Black "Hauge, Lars Oskar"]
[Result "1/2-1/2"]
[WhiteElo "2549"]
[BlackElo "2380"]
[PlyCount "57"]
[EventDate "2015.??.??"]

1. e4 e6 2. d4 d5 3. Nc3 Bb4 4. exd5 exd5 5. Bd3 Ne7 6. Qf3 c5 7. dxc5 Nd7 8.
Qg3 Bxc5 9. Nf3 O-O 10. Bg5 f6 11. Bf4 Nb6 12. O-O-O Bf5 13. Rhe1 Bxd3 14. Rxd3
Rc8 15. Nd2 Nc6 16. a3 Re8 17. Rd1 d4 18. Nb3 Ne5 19. Bxe5 fxe5 20. Ne4 Bf8 21.
Rf3 Re6 22. Rf5 Qd5 23. Nxd4 Qxe4 24. Rxf8+ Kxf8 25. Nxe6+ Ke7 26. Nc7 Kf8 27.
Ne6+ Ke7 28. Nc7 Kf8 29. Ne6+
1/2-1/2

[Event "Fagernes Chess International"]
[Site "Fagernes"]
[Date "2015.03.29"]
[Round "3"]
[White "Mikalsen, Erlend"]
[Black "Johannessen, Leif E"]
[Result "1-0"]
[WhiteElo "2161"]
[BlackElo "2527"]
[PlyCount "75"]
[EventDate "2015.??.??"]

1. e4 e5 2. Nf3 Nc6 3. Bb5 a6 4. Bxc6 dxc6 5. O-O Bg4 6. h3 Bh5 7. g4 Bg6 8.
Nxe5 Qh4 9. Qf3 f6 10. Nxg6 hxg6 11. Kg2 g5 12. d4 Ne7 13. Nc3 Ng6 14. Rh1 Qh7
15. Kf1 Nh4 16. Qd3 O-O-O 17. Be3 Nf3 18. Rd1 Bb4 19. Qe2 Bxc3 20. Qxf3 Bxb2
21. Rd3 Rd7 22. Kg2 Rhd8 23. Rhd1 Qg8 24. d5 cxd5 25. exd5 Be5 26. c4 Qf7 27.
Qe4 c6 28. Bb6 cxd5 29. cxd5 Re8 30. Ba7 Bc7 31. Qa4 Red8 32. Qc4 Rd6 33. Bc5
R6d7 34. Be3 Kb8 35. Qc5 b6 36. Qc4 g6 37. Qxa6 Rxd5 38. Ra3
1-0

[Event "Fagernes Chess International"]
[Site "Fagernes"]
[Date "2015.03.29"]
[Round "3"]
[White "Urkedal, Frode Olav Olsen"]
[Black "Christiansen, Johan-Sebastian"]
[Result "1-0"]
[WhiteElo "2524"]
[BlackElo "2351"]
[PlyCount "145"]
[EventDate "2015.??.??"]

1. Nf3 d5 2. d4 Nf6 3. c4 dxc4 4. e3 e6 5. Bxc4 a6 6. O-O b5 7. Be2 Bb7 8. b3
c5 9. dxc5 Bxc5 10. Qxd8+ Kxd8 11. a4 b4 12. Ne5 Ke7 13. Nd3 Bd6 14. Nd2 Ne4
15. Nc4 Nc3 16. Bf3 Bxf3 17. gxf3 a5 18. Bb2 Nd7 19. Kh1 Rhc8 20. Rfc1 Nc5 21.
Nxc5 Rxc5 22. Bxc3 bxc3 23. Ra2 Rac8 24. Rxc3 Rh5 25. f4 g5 26. Rd3 Bb8 27.
fxg5 Rxh2+ 28. Kg1 Rc5 29. Rad2 Rxg5+ 30. Kf1 Rhg2 31. Rd7+ Kf6 32. Rb7 Rg8 33.
Rdd7 R2g7 34. Nxa5 h5 35. Nc6 h4 36. Nxb8 h3 37. Rd4 Rg1+ 38. Ke2 R8g4 39. Nd7+
Kg7 40. Rxg4+ Rxg4 41. Ne5 h2 42. Rxf7+ Kg8 43. Nxg4 h1=Q 44. Rf4 Qb1 45. Rb4
Qc2+ 46. Kf3 Qd1+ 47. Kg2 Kg7 48. Ne5 Qd5+ 49. Nf3 Qf5 50. Kg3 Qc2 51. Rb7+ Kf6
52. Rb5 Qg6+ 53. Ng5 Qd3 54. Kg2 e5 55. Nf3 Qg6+ 56. Kf1 Qd3+ 57. Ke1 Qb1+ 58.
Ke2 e4 59. Nd2 Qh1 60. a5 Ke6 61. b4 Qg2 62. a6 Qg4+ 63. Ke1 Qg1+ 64. Nf1 Qg7
65. Ra5 Qc3+ 66. Nd2 Qxb4 67. Ra2 Qb8 68. a7 Qa8 69. Nc4 Qb7 70. Ra1 Qa8 71.
Nb6 Qf8 72. Nd5 Qa8 73. Nc7+
1-0

[Event "Fagernes Chess International"]
[Site "Fagernes"]
[Date "2015.03.29"]
[Round "3"]
[White "Haug, Johannes"]
[Black "Dann, Matthias"]
[Result "0-1"]
[WhiteElo "2339"]
[BlackElo "2475"]
[PlyCount "62"]
[EventDate "2015.??.??"]

1. e4 e6 2. d4 d5 3. Nc3 Bb4 4. e5 Ne7 5. a3 Bxc3+ 6. bxc3 b6 7. Qg4 Ng6 8. h4
h5 9. Qg3 Ba6 10. Ne2 Qc8 11. Nf4 Nxf4 12. Bxf4 g6 13. Bd3 c5 14. O-O Nc6 15.
dxc5 bxc5 16. c4 dxc4 17. Be4 Nd4 18. Rfe1 Bb7 19. Qc3 Bxe4 20. Rxe4 Qb7 21.
Rae1 Qd5 22. a4 Rb8 23. Bc1 Rb1 24. Qd2 O-O 25. Kh1 Rfb8 26. f3 Ra1 27. Qc3
Rbb1 28. Bd2 Rxe1+ 29. Bxe1 Ra2 30. Bf2 Rxc2 31. Rxd4 Rxc3
0-1